Normal view
MARC view
Entry Topical Term
001 - CONTROL NUMBER
- control field: 13375
003 - CONTROL NUMBER IDENTIFIER
- control field: BD-RjUL
005 - DATE AND TIME OF LATEST TRANSACTION
- control field: 20240627144916.0
008 - FIXED-LENGTH DATA ELEMENTS
- fixed length control field: 240627|| aca||aabn | a|a d
040 ## - CATALOGING SOURCE
- Original cataloging agency: BD-RjUL
- Transcribing agency: BD-RjUL
150 ## - HEADING--TOPICAL TERM
- Topical term or geographic name entry element: Rice
- General subdivision: Influence o Climatic
- Geographic subdivision: Bangladesh
670 ## - SOURCE DATA FOUND
- Source citation: Work cat.: (BD-RjUL)83931: ISLAM, MD. SERAJUL 7960, MODELLING THE INFLUENCE OF CLIMATIC FACTORS ON RICE PRODUCTION IN BANGLADESH /, 1995